Digital transistor circuits
Guardat en:
| Autor principal: | |
|---|---|
| Altres autors: | , |
| Format: | Llibre |
| Idioma: | English |
| Publicat: |
New York, New York : J. Wiley
c1966
|
| Col·lecció: | Semiconductor Electronics Education Committee books ; v. 6
|
| Matèries: | |
| Etiquetes: |
Afegir etiqueta
Sense etiquetes, Sigues el primer a etiquetar aquest registre!
|
MARC
| LEADER | 00000nam a2200000Ia 4500 | ||
|---|---|---|---|
| 003 | 000327 | ||
| 005 | 20221231143941.0 | ||
| 008 | 140114s1966 nyua 000 ||eng d | ||
| 040 | |c cru CEDI | ||
| 082 | |a 621.381.9 H314d | ||
| 100 | |a Gray, Paul E. |9 19037 | ||
| 245 | |a Digital transistor circuits | ||
| 260 | |a New York, New York : J. Wiley |c c1966 | ||
| 300 | |a xv, 221 páginas : ilustraciones ; 22 cm.- | ||
| 440 | |a Semiconductor Electronics Education Committee books ; v. 6 |9 19040 | ||
| 650 | |x COMPUTADORAS ELECTRONICAS DIGITALES -- CIRCUITOS |x CIRCUITOS DE TRANSISTORES |9 19041 | ||
| 700 | |9 19038 |a Harris, John Nathaniel, 1919- | ||
| 700 | |9 19039 |a Searle, Campbell L. | ||
| 942 | |2 ddc |c BK | ||
| 999 | |c 14694 |d 14694 | ||
